[Event "Copenhagen ch"]
[Site "Copenhagen"]
[Date "1999.01.22"]
[Round "1"]
[White "Clausen, Steen"]
[Black "Hoi, Carsten"]
[Result "0-1"]
[WhiteElo "2238"]
[BlackElo "2369"]
[PlyCount "56"]
[EventDate "1999.01.22"]
[EventCountry "DEN"]

1. d4 Nf6 2. c4 c5 3. Nf3 g6 4. g3 Bg7 5. Bg2 O-O 6. O-O cxd4 7. Nxd4 Nc6 8.
Nc3 Ng4 9. e3 Nge5 10. b3 d6 11. h3 Bd7 12. Bb2 Rb8 13. Nd5 e6 14. Nc3 Nxd4 15.
exd4 Nc6 16. d5 Nd4 17. Rb1 e5 18. Ne4 Bf5 19. g4 Bxe4 20. Bxe4 f5 21. Bg2 fxg4
22. hxg4 Qh4 23. Bxd4 exd4 24. f4 Rbe8 25. Re1 d3 26. Qd2 Bd4+ 27. Kf1 Qh2 28.
Rxe8 Qg1# 0-1

[Event "Copenhagen ch"]
[Site "Copenhagen"]
[Date "1999.01.22"]
[Round "1"]
[White "Sorensen, Torben N"]
[Black "Olsen, Heini"]
[Result "1/2-1/2"]
[WhiteElo "2298"]
[BlackElo "2270"]
[PlyCount "29"]
[EventDate "1999.01.22"]
[EventCountry "DEN"]

1. Nf3 Nf6 2. c4 g6 3. Nc3 Bg7 4. g3 O-O 5. Bg2 d6 6. O-O e5 7. d3 c6 8. Bd2
Re8 9. Qc1 d5 10. cxd5 cxd5 11. Bg5 Nc6 12. Qd2 Be6 13. Rac1 Rc8 14. d4 e4 15.
Ne5 1/2-1/2

[Event "Copenhagen ch"]
[Site "Copenhagen"]
[Date "1999.01.22"]
[Round "1"]
[White "Brinck Claussen, Bjorn"]
[Black "Larsen, Karsten"]
[Result "1/2-1/2"]
[WhiteElo "2339"]
[BlackElo "2253"]
[PlyCount "30"]
[EventDate "1999.01.22"]
[EventCountry "DEN"]

1. e4 e5 2. Nf3 Nc6 3. Bb5 a6 4. Ba4 Nf6 5. O-O b5 6. Bb3 Bc5 7. a4 Bb7 8. axb5
axb5 9. Rxa8 Qxa8 10. Nc3 O-O 11. Nxb5 Nxe4 12. d3 Nf6 13. Nxc7 Qa5 14. Nd5
Nxd5 15. Bxd5 Bxf2+ 1/2-1/2

[Event "Copenhagen ch"]
[Site "Copenhagen"]
[Date "1999.01.22"]
[Round "1"]
[White "Hartvig, Ove Weiss"]
[Black "Nilssen, John Arni"]
[Result "0-1"]
[WhiteElo "2312"]
[BlackElo "2325"]
[PlyCount "148"]
[EventDate "1999.01.22"]
[EventCountry "DEN"]

1. Nf3 Nf6 2. g3 d5 3. Bg2 Nc6 4. d4 Bf5 5. c4 e6 6. Qa4 Bxb1 7. Rxb1 Bb4+ 8.
Kf1 Be7 9. Ne5 O-O 10. Nxc6 bxc6 11. Qxc6 Rb8 12. c5 Rb4 13. e3 e5 14. b3 Qc8
15. Bd2 Qf5 16. Rb2 Rbb8 17. Qa6 exd4 18. exd4 Qg4 19. Rb1 Qxd4 20. Be3 Qb4 21.
Rc1 Ng4 22. Qd3 c6 23. Bd4 Bf6 24. Bxf6 Nxf6 25. Bf3 Nd7 26. Qc3 Qa3 27. Rc2
Rb5 28. Bg4 Rxc5 29. Qd2 Nf6 30. Rxc5 Qxc5 31. Bf3 Qd6 32. Kg2 c5 33. Qa5 Qb6
34. Qd2 Rd8 35. Rd1 d4 36. Qd3 g6 37. Re1 Qd6 38. Rc1 h5 39. h3 Nd7 40. Qc4 Kg7
41. Be4 Re8 42. Bf3 Ne5 43. Qxc5 Qxc5 44. Rxc5 Nd3 45. Bc6 Rc8 46. Rc4 Ne5 47.
Bb7 Rxc4 48. bxc4 Nxc4 49. Kf1 Nd6 50. Bc6 Kf6 51. Ke2 h4 52. Kd3 hxg3 53. fxg3
Ke5 54. a4 Nf5 55. Be8 Nxg3 56. Bxf7 g5 57. Bg6 Nf1 58. Kc4 Ne3+ 59. Kb5 Nf5
60. Ka6 Ne7 61. Bh5 Nc6 62. Kb7 Kd6 63. Be8 Ne5 64. Kxa7 d3 65. Bh5 d2 66. Be2
Kc7 67. Ka6 Nd3 68. Kb5 Nf4 69. Bd1 Nxh3 70. Kc5 Nf2 71. Be2 g4 72. Kd4 g3 73.
Ke3 Ne4 74. Kf3 Nc3 0-1

[Event "Copenhagen ch"]
[Site "Copenhagen"]
[Date "1999.01.22"]
[Round "1"]
[White "Jakobsen, Ole"]
[Black "Holm, Sejer"]
[Result "1-0"]
[WhiteElo "2406"]
[BlackElo "2340"]
[PlyCount "80"]
[EventDate "1999.01.22"]
[EventCountry "DEN"]

1. Nf3 c5 2. c4 e6 3. g3 Nf6 4. Bg2 d5 5. O-O d4 6. e3 Nc6 7. exd4 cxd4 8. d3
Be7 9. Na3 O-O 10. Nc2 a5 11. Qe2 Qb6 12. b3 Nd7 13. Rb1 e5 14. a3 f6 15. b4
axb4 16. Nxb4 Nxb4 17. axb4 Re8 18. Qc2 Nf8 19. Nd2 Be6 20. c5 Qb5 21. Nc4 Rec8
22. f4 exf4 23. Bxf4 Ng6 24. Qe2 Bf7 25. Qe4 Ra7 26. Bd6 Bf8 27. Qxd4 Bxc4 28.
dxc4 Qd7 29. b5 Kh8 30. Qf2 Ne5 31. Bxf8 Rxf8 32. c6 bxc6 33. bxc6 Qc7 34. Bd5
Ra6 35. Rb7 Qd6 36. Rb6 Ra4 37. Rd1 h5 38. Rbb1 Ng4 39. Qd4 Ne5 40. Qb6 h4 {
Tid/Time} 1-0

[Event "Copenhagen ch"]
[Site "Copenhagen"]
[Date "1999.01.23"]
[Round "2"]
[White "Hoi, Carsten"]
[Black "Holm, Sejer"]
[Result "1-0"]
[WhiteElo "2369"]
[BlackElo "2340"]
[PlyCount "99"]
[EventDate "1999.01.22"]
[EventCountry "DEN"]

1. d4 d5 2. Nc3 Nf6 3. Bg5 Bf5 4. e3 e6 5. Bd3 Bg6 6. e4 dxe4 7. Bxe4 Bxe4 8.
Nxe4 Qd5 9. Nxf6+ gxf6 10. Bxf6 Qxg2 11. Qf3 Rg8 12. O-O-O Nd7 13. Bh4 Qxf3 14.
Nxf3 Be7 15. Bg3 c6 16. c4 Nb6 17. b3 O-O-O 18. Rhe1 Bf6 19. Kc2 Rg4 20. h3 Rg6
21. a4 Rh6 22. h4 Rh5 23. Re4 Rf5 24. Rf4 Rxf4 25. Bxf4 Rg8 26. Ng5 Be7 27. Be3
Bxg5 28. hxg5 Nd7 29. Rh1 Rg7 30. Kd3 a6 31. Ke4 Kd8 32. d5 cxd5+ 33. cxd5 f5+
34. Kf4 exd5 35. Kxf5 Ke7 36. Bd4 Rf7+ 37. Kg4 Nb8 38. f4 Nc6 39. Bc5+ Kd7 40.
Rd1 Ke6 41. Re1+ Kd7 42. f5 Na5 43. Re3 b5 44. axb5 axb5 45. f6 Nb7 46. Be7 Nd6
47. Re5 Nc8 48. Bb4 Kc6 49. Kf5 Ra7 50. Re6+ 1-0

[Event "Copenhagen ch"]
[Site "Copenhagen"]
[Date "1999.01.23"]
[Round "2"]
[White "Nilssen, John Arni"]
[Black "Jakobsen, Ole"]
[Result "0-1"]
[WhiteElo "2325"]
[BlackElo "2406"]
[PlyCount "94"]
[EventDate "1999.01.22"]
[EventCountry "DEN"]

1. d4 d6 2. Nf3 g6 3. e4 Bg7 4. c3 Nf6 5. Bd3 O-O 6. O-O Nc6 7. b4 a6 8. Na3 e5
9. dxe5 Nxe5 10. Nxe5 dxe5 11. Nc4 Re8 12. Re1 Bd7 13. Qe2 Nh5 14. g3 Qe7 15.
Na5 b6 16. Nb3 Bc8 17. a4 Rd8 18. a5 Be6 19. Bc4 Nf6 20. f3 Nd7 21. Be3 b5 22.
Bxe6 Qxe6 23. Qc2 Bf8 24. Rad1 Rac8 25. Nc1 c5 26. Qb3 Qe8 27. Re2 Rc7 28. Red2
Rdc8 29. Qb2 h5 30. Na2 Qe6 31. Bf2 Be7 32. Nc1 cxb4 33. cxb4 Bxb4 34. Qxb4
Rxc1 35. Qd6 Qxd6 36. Rxd6 Rxd1+ 37. Rxd1 Nb8 38. Ba7 Nc6 39. Bb6 Nd4 40. f4
Rc2 41. fxe5 Nf3+ 42. Kf1 Nxh2+ 43. Kg1 Nf3+ 44. Kf1 b4 45. Bd8 b3 46. Bf6 Nd2+
47. Ke1 b2 0-1

[Event "Copenhagen ch"]
[Site "Copenhagen"]
[Date "1999.01.23"]
[Round "2"]
[White "Larsen, Karsten"]
[Black "Hartvig, Ove Weiss"]
[Result "1/2-1/2"]
[WhiteElo "2253"]
[BlackElo "2312"]
[PlyCount "25"]
[EventDate "1999.01.22"]
[EventCountry "DEN"]

1. Nf3 c5 2. b3 d5 3. e3 Nc6 4. Bb2 Nf6 5. Be2 e6 6. O-O Be7 7. d4 cxd4 8. Nxd4
O-O 9. c4 Nxd4 10. Qxd4 dxc4 11. Bxc4 Qxd4 12. Bxd4 Bd7 13. Nc3 1/2-1/2

[Event "Copenhagen ch"]
[Site "Copenhagen"]
[Date "1999.01.24"]
[Round "3"]
[White "Sorensen, Torben N"]
[Black "Hoi, Carsten"]
[Result "0-1"]
[WhiteElo "2298"]
[BlackElo "2369"]
[PlyCount "62"]
[EventDate "1999.01.22"]
[EventCountry "DEN"]

1. Nf3 g6 2. c4 Bg7 3. Nc3 Nf6 4. g3 O-O 5. Bg2 d6 6. O-O e5 7. d3 Nc6 8. Rb1
Nh5 9. b4 f5 10. b5 Ne7 11. Qb3 Kh8 12. Ba3 Rb8 13. Bb4 b6 14. Qa4 Bd7 15. Qa6
h6 16. Nd2 g5 17. Qxa7 e4 18. Qa3 exd3 19. exd3 f4 20. Nd5 Nxd5 21. Bxd5 Bh3
22. Bg2 Qc8 23. Bc3 Bxg2 24. Bxg7+ Kxg7 25. Kxg2 f3+ 26. Kh1 Qh3 27. Rg1 Nf6
28. Qb2 Kg8 29. Rbe1 Ng4 30. Nf1 Rbe8 31. Qd2 Re2 0-1

[Event "Copenhagen ch"]
[Site "Copenhagen"]
[Date "1999.01.24"]
[Round "3"]
[White "Hartvig, Ove Weiss"]
[Black "Olsen, Heini"]
[Result "1/2-1/2"]
[WhiteElo "2312"]
[BlackElo "2270"]
[PlyCount "163"]
[EventDate "1999.01.22"]
[EventCountry "DEN"]

1. e4 c6 2. d4 d5 3. e5 Bf5 4. Nf3 e6 5. Be2 Nd7 6. O-O Ne7 7. Be3 Bg4 8. Bd3
c5 9. c3 Nc6 10. h3 Bh5 11. g4 Bg6 12. Ne1 Qb6 13. b3 O-O-O 14. a4 cxd4 15. a5
Nxa5 16. Bxd4 Qc7 17. b4 Nc6 18. Na3 Bxd3 19. Nxd3 b6 20. Nb5 Qb7 21. Qa4 a6
22. Qxa6 Qxa6 23. Rxa6 Kb7 24. Rfa1 Be7 25. Nd6+ Bxd6 26. exd6 Ra8 27. b5 Nxd4
28. cxd4 Rxa6 29. bxa6+ Ka7 30. Rc1 Kxa6 31. Rc7 Rd8 32. Nb4+ Kb5 33. Nc6 Ra8
34. Na7+ Rxa7 35. Rxa7 Kc6 36. Ra8 Kxd6 37. Rg8 g6 38. g5 Ke7 39. f4 Nf8 40.
Kf1 Nd7 41. Rh8 Nf8 42. Ke2 e5 43. fxe5 Ne6 44. Ke3 Nxg5 45. h4 Ne4 46. Rxh7
Ng3 47. Kd3 Ke6 48. Rh8 f6 49. exf6 Kxf6 50. Rb8 Nf5 51. Rxb6+ Kf7 52. Rb7+ Kf6
53. Rd7 Ke6 54. Rh7 Kf6 55. h5 gxh5 56. Rxh5 Ke6 57. Rg5 Kf6 58. Rg4 Nd6 59.
Ke3 Kf5 60. Rf4+ Ke6 61. Kd3 Ne4 62. Kc2 Kd6 63. Kb3 Ng5 64. Kb4 Ne6 65. Rg4
Kc6 66. Rh4 Kd6 67. Kb5 Nc7+ 68. Kb6 Ne6 69. Kb7 Kd7 70. Kb8 Kc6 71. Rh6 Kd7
72. Rh4 Kc6 73. Kc8 Kd6 74. Kb7 Kd7 75. Kb6 Kd6 76. Kb5 Nc7+ 77. Kb4 Ne6 78.
Kc3 Ng5 79. Rh6+ Ne6 80. Kd3 Ke7 81. Ke3 Kd7 82. Rh7+ 1/2-1/2

[Event "Copenhagen ch"]
[Site "Copenhagen"]
[Date "1999.01.24"]
[Round "3"]
[White "Jakobsen, Ole"]
[Black "Larsen, Karsten"]
[Result "1-0"]
[WhiteElo "2406"]
[BlackElo "2253"]
[PlyCount "155"]
[EventDate "1999.01.22"]
[EventCountry "DEN"]

1. Nf3 Nf6 2. g3 g6 3. b3 Bg7 4. Bb2 O-O 5. Bg2 d6 6. d4 Nbd7 7. O-O e5 8. dxe5
Ng4 9. Nbd2 Ngxe5 10. Rb1 Re8 11. Nd4 Nc5 12. c4 Bg4 13. Qc2 a5 14. h3 Bd7 15.
Rbe1 Qe7 16. a3 h5 17. b4 axb4 18. axb4 Ne6 19. Nxe6 Bxe6 20. Ra1 c6 21. f4 Nd7
22. Bxg7 Kxg7 23. Qc3+ Qf6 24. Qxf6+ Nxf6 25. e4 Bd7 26. Kf2 Kf8 27. Rfe1 Be6
28. Ke3 Red8 29. Kd4 Ke7 30. Kc3 Rdb8 31. Nb3 Kd8 32. Red1 Kc7 33. Nd4 Rxa1 34.
Rxa1 Re8 35. Nxe6+ fxe6 36. c5 d5 37. e5 Nd7 38. h4 Nf8 39. Bf1 Rb8 40. Bd3 Rd8
41. Kd4 Rd7 42. Kc3 Kd8 43. Ra8+ Ke7 44. Rb8 Kf7 45. Kd4 Rc7 46. Ra8 Re7 47.
Ra7 Rd7 48. b5 cxb5 49. Bxb5 Re7 50. Kc3 Nh7 51. Kb4 Nf8 52. Ka5 d4 53. Kb4 g5
54. fxg5 Ng6 55. Kc4 Nxe5+ 56. Kxd4 Ng4 57. Ke4 Nf2+ 58. Kf4 e5+ 59. Kf3 Ng4
60. Bc4+ Kf8 61. Bd5 e4+ 62. Bxe4 Rf7+ 63. Ke2 Re7 64. Ra4 Re5 65. Rc4 Re7 66.
Rb4 Re5 67. Kd2 Rxc5 68. Rxb7 Ra5 69. Rb8+ Kg7 70. Ra8 Rb5 71. Ra7+ Kf8 72. Bf3
Rb3 73. Rf7+ Ke8 74. Rf4 Nh2 75. Bxh5+ Ke7 76. Rf2 Rb1 77. Bd1 Rb2+ 78. Ke3 1-0

[Event "Copenhagen ch"]
[Site "Copenhagen"]
[Date "1999.01.29"]
[Round "4"]
[White "Clausen, Steen"]
[Black "Hartvig, Ove Weiss"]
[Result "1/2-1/2"]
[WhiteElo "2238"]
[BlackElo "2312"]
[PlyCount "33"]
[EventDate "1999.01.22"]
[EventCountry "DEN"]

1. d4 Nf6 2. Nf3 c5 3. d5 e6 4. c4 b5 5. dxe6 fxe6 6. cxb5 d5 7. Bg5 Bd6 8. e3
Bb7 9. Nc3 Nbd7 10. Be2 Qc7 11. a4 e5 12. a5 Rd8 13. b6 axb6 14. Nb5 Qc6 15.
Na7 Qc7 16. Nb5 Qc6 17. Na7 1/2-1/2

[Event "Copenhagen ch"]
[Site "Copenhagen"]
[Date "1999.01.29"]
[Round "4"]
[White "Hoi, Carsten"]
[Black "Nilssen, John Arni"]
[Result "1/2-1/2"]
[WhiteElo "2369"]
[BlackElo "2325"]
[PlyCount "57"]
[EventDate "1999.01.22"]
[EventCountry "DEN"]

1. c4 e6 2. Nf3 Nf6 3. d4 b6 4. Nc3 Bb4 5. Bg5 Bb7 6. e3 h6 7. Bh4 g5 8. Bg3
Bxc3+ 9. bxc3 d6 10. a4 a5 11. h4 Rg8 12. hxg5 hxg5 13. Nd2 Nbd7 14. Qb3 Bc6
15. Qc2 Qe7 16. Rb1 e5 17. d5 Bb7 18. Nb3 O-O-O 19. Be2 Rh8 20. Kd2 Rxh1 21.
Rxh1 Rg8 22. Qb1 Qe8 23. Qf5 Kb8 24. Rb1 Qe7 25. Rb2 Ne8 26. Bg4 Nef6 27. Be2
Ne8 28. Bg4 Nef6 29. Be2 1/2-1/2

[Event "Copenhagen ch"]
[Site "Copenhagen"]
[Date "1999.01.29"]
[Round "4"]
[White "Larsen, Karsten"]
[Black "Holm, Sejer"]
[Result "1/2-1/2"]
[WhiteElo "2253"]
[BlackElo "2340"]
[PlyCount "151"]
[EventDate "1999.01.22"]
[EventCountry "DEN"]

1. e4 c5 2. Nf3 Nc6 3. Bb5 Nf6 4. e5 Nd5 5. O-O e6 6. Nc3 Nxc3 7. dxc3 Qc7 8.
Re1 b6 9. Qe2 Bb7 10. Bf4 Be7 11. Rad1 a6 12. Bd3 b5 13. c4 b4 14. Qe3 h6 15.
Bg3 g5 16. Be4 g4 17. Nd2 Nd4 18. Nb3 Nxb3 19. axb3 h5 20. Bf4 Rg8 21. Rd3 Rd8
22. Red1 h4 23. Re1 Bc6 24. Rdd1 Qb7 25. Bxc6 Qxc6 26. Qe4 Qxe4 27. Rxe4 a5 28.
g3 hxg3 29. hxg3 Ra8 30. Ra1 f5 31. Ree1 Kd8 32. Kg2 Rh8 33. Rh1 Rxh1 34. Rxh1
Kc7 35. Rh7 Bf8 36. Rf7 Kc6 37. Kf1 d6 38. Rf6 Re8 39. Rf7 Ra8 40. Ke2 dxe5 41.
Bxe5 Bd6 42. Bxd6 Kxd6 43. Rb7 a4 44. bxa4 Rxa4 45. b3 Ra6 46. Ke3 Ra1 47. Rb6+
Kc7 48. Rb5 Kc6 49. Rb8 Rc1 50. Kd2 Rh1 51. Ra8 Kd6 52. Ra6+ Ke5 53. Rc6 Ke4
54. Rxe6+ Kf3 55. Re5 Kxf2 56. Rxf5+ Kxg3 57. Rxc5 Kf4 58. Rc8 g3 59. Rf8+ Ke4
60. Re8+ Kf3 61. Rf8+ Kg4 62. Rg8+ Kh3 63. c3 g2 64. cxb4 g1=Q 65. Rxg1 Rxg1
66. Kd3 Kg4 67. Ke4 Rb1 68. b5 Rxb3 69. Ke5 Rb4 70. Kd6 Kf5 71. Kc5 Rb1 72. Kc6
Ke6 73. b6 Ke7 74. Kc7 Rc1 75. b7 Rxc4+ 76. Kb6 1/2-1/2

[Event "Copenhagen ch"]
[Site "Copenhagen"]
[Date "1999.01.29"]
[Round "4"]
[White "Olsen, Heini"]
[Black "Jakobsen, Ole"]
[Result "0-1"]
[WhiteElo "2270"]
[BlackElo "2406"]
[PlyCount "130"]
[EventDate "1999.01.22"]
[EventCountry "DEN"]

1. d4 d6 2. Nf3 g6 3. c4 Bg7 4. Nc3 Bg4 5. g3 Qc8 6. Bg2 Bh3 7. O-O Bxg2 8.
Kxg2 Nf6 9. h3 O-O 10. d5 Nbd7 11. Be3 c6 12. Rc1 Nb6 13. b3 Qf5 14. Nd4 Qd7
15. Nf3 cxd5 16. cxd5 Rfc8 17. Bd4 Bh6 18. e3 Nbxd5 19. Nxd5 Nxd5 20. Rxc8+
Qxc8 21. Bb2 Qc5 22. Qd3 Nb4 23. Qe4 Nc6 24. Rc1 Qf5 25. Qa4 Bg7 26. Bxg7 Kxg7
27. e4 Qd7 28. Qc4 Rd8 29. b4 d5 30. exd5 Qxd5 31. b5 Ne5 32. Qxd5 Rxd5 33.
Nxe5 Rxe5 34. Rc7 Rxb5 35. Rxe7 h5 36. h4 Rb2 37. Rc7 a5 38. a4 Rb4 39. Kf3 b6
40. Rb7 Kf6 41. Ke3 Ke6 42. Kd3 f6 43. f3 Kf5 44. Rb8 g5 45. hxg5 fxg5 46. Rf8+
Ke6 47. Rg8 Kf6 48. Rf8+ Kg7 49. Rb8 h4 50. gxh4 gxh4 51. Ke2 h3 52. Kf2 Rxa4
53. Rb7+ Kf8 54. Rxb6 Ra2+ 55. Kg1 Ke7 56. f4 Rc2 57. f5 a4 58. f6+ Kf7 59. Ra6
Ra2 60. Rb6 a3 61. Rb3 Rg2+ 62. Kh1 a2 63. Ra3 Rb2 64. Ra7+ Kxf6 65. Ra6+ Ke7
0-1

[Event "Copenhagen ch"]
[Site "Copenhagen"]
[Date "1999.01.29"]
[Round "4"]
[White "Sorensen, Torben N"]
[Black "Brinck Claussen, Bjorn"]
[Result "1/2-1/2"]
[WhiteElo "2298"]
[BlackElo "2339"]
[PlyCount "57"]
[EventDate "1999.01.22"]
[EventCountry "DEN"]

1. Nf3 Nf6 2. c4 c6 3. Nc3 d5 4. cxd5 cxd5 5. d4 Nc6 6. Bf4 Bf5 7. e3 e6 8. Qb3
Qb6 9. Qxb6 axb6 10. a3 Be7 11. Bb5 O-O 12. O-O Rfc8 13. Rfc1 Na7 14. h3 Rxc3
15. Rxc3 Nxb5 16. Rb3 Nd6 17. Bxd6 Bxd6 18. Rxb6 Ne8 19. Rxb7 f6 20. a4 e5 21.
a5 Bc8 22. Rb6 e4 23. Nd2 Ba6 24. Rc1 Bc7 25. Rbc6 Bxa5 26. Ra1 Bb7 27. Rc5 Bc7
28. Rxa8 Bxa8 29. Nb1 1/2-1/2

[Event "Copenhagen ch"]
[Site "Copenhagen"]
[Date "1999.01.30"]
[Round "5"]
[White "Hartvig, Ove Weiss"]
[Black "Sorensen, Torben N"]
[Result "1/2-1/2"]
[WhiteElo "2312"]
[BlackElo "2298"]
[PlyCount "48"]
[EventDate "1999.01.22"]
[EventCountry "DEN"]

1. e4 e5 2. d4 exd4 3. Qxd4 Nc6 4. Qe3 Nf6 5. Bd2 Ng4 6. Qe2 d6 7. Bc3 Be6 8.
f4 Nf6 9. Nd2 Qe7 10. f5 Bd7 11. Ngf3 O-O-O 12. O-O-O Kb8 13. h3 h5 14. Qe1 d5
15. e5 Bxf5 16. exf6 Qxe1 17. Rxe1 d4 18. Nxd4 Nxd4 19. Bd3 Be6 20. Re4 c5 21.
Nf3 gxf6 22. Nxd4 cxd4 23. Bxd4 Be7 24. Bc3 Rhg8 1/2-1/2

[Event "Copenhagen ch"]
[Site "Copenhagen"]
[Date "1999.01.30"]
[Round "5"]
[White "Holm, Sejer"]
[Black "Olsen, Heini"]
[Result "1-0"]
[WhiteElo "2340"]
[BlackElo "2270"]
[PlyCount "61"]
[EventDate "1999.01.22"]
[EventCountry "DEN"]

1. d4 f5 2. Nd2 Nf6 3. c3 e6 4. e4 fxe4 5. f3 d5 6. fxe4 dxe4 7. Qc2 Nbd7 8.
Nxe4 Nxe4 9. Qxe4 Nf6 10. Qc2 Bd6 11. Nf3 O-O 12. Bg5 Qe8 13. Bd3 Qh5 14. O-O-O
Nd5 15. h4 Bg3 16. Ne5 b6 17. Be4 Bb7 18. Bf3 Qe8 19. h5 Rf5 20. Bd2 Bxe5 21.
dxe5 Rxe5 22. h6 b5 23. hxg7 Qg6 24. Qb3 a5 25. Rh6 Qxg7 26. Rdh1 Rf8 27. Qxb5
Nb6 28. Qd3 Bxf3 29. Rxh7 Qxg2 30. Rh8+ Kf7 31. R1h7+ 1-0

[Event "Copenhagen ch"]
[Site "Copenhagen"]
[Date "1999.01.30"]
[Round "5"]
[White "Jakobsen, Ole"]
[Black "Clausen, Steen"]
[Result "1-0"]
[WhiteElo "2406"]
[BlackElo "2238"]
[PlyCount "93"]
[EventDate "1999.01.22"]
[EventCountry "DEN"]

1. c4 e5 2. Nc3 Nf6 3. g3 Bb4 4. Bg2 O-O 5. Qc2 Re8 6. Nd5 Nxd5 7. cxd5 c6 8.
e3 Qa5 9. Qc4 b5 10. Qb3 Na6 11. Ne2 Nc5 12. Qc2 e4 13. O-O cxd5 14. a3 Nd3 15.
Rb1 Bd6 16. b4 Qb6 17. Nc3 Bb7 18. Qb3 Qc6 19. f3 Qc4 20. Qd1 Be5 21. fxe4 dxe4
22. Bb2 Nxb2 23. Rxb2 d5 24. Rc2 Rac8 25. Rc1 Qd3 26. Rf2 d4 27. Bf1 dxe3 28.
Bxd3 exf2+ 29. Kxf2 Bd4+ 30. Kf1 exd3 31. Nxb5 Bf3 32. Rxc8 Be2+ 33. Kg2 Rxc8
34. Qb3 Bb6 35. Nd6 Rc7 36. Qd5 h5 37. Nc4 Rc8 38. Nxb6 axb6 39. Kf2 Re8 40. a4
Re6 41. a5 bxa5 42. bxa5 Rf6+ 43. Ke3 Bf1 44. Qb7 Re6+ 45. Kd4 Re2 46. Qc8+ Kh7
47. Qf5+ 1-0

[Event "Copenhagen ch"]
[Site "Copenhagen"]
[Date "1999.01.31"]
[Round "6"]
[White "Brinck Claussen, Bjorn"]
[Black "Hartvig, Ove Weiss"]
[Result "1/2-1/2"]
[WhiteElo "2339"]
[BlackElo "2312"]
[PlyCount "51"]
[EventDate "1999.01.22"]
[EventCountry "DEN"]

1. e4 c5 2. Nf3 Nf6 3. e5 Nd5 4. Nc3 e6 5. Nxd5 exd5 6. d4 d6 7. exd6 Bxd6 8.
Bb5+ Bd7 9. Bxd7+ Qxd7 10. dxc5 Bxc5 11. O-O O-O 12. Qd3 Nc6 13. c3 h6 14. Be3
Bxe3 15. Qxe3 Rfe8 16. Qd3 Rad8 17. Rfe1 Rxe1+ 18. Rxe1 d4 19. cxd4 Nxd4 20.
Qxd4 Qxd4 21. Nxd4 Rxd4 22. Re8+ Kh7 23. Kf1 Rd2 24. Re2 Rd1+ 25. Re1 Rd2 26.
Re2 1/2-1/2

[Event "Copenhagen ch"]
[Site "Copenhagen"]
[Date "1999.01.31"]
[Round "6"]
[White "Clausen, Steen"]
[Black "Holm, Sejer"]
[Result "0-1"]
[WhiteElo "2238"]
[BlackElo "2340"]
[PlyCount "116"]
[EventDate "1999.01.22"]
[EventCountry "DEN"]

1. d4 Nf6 2. c4 c5 3. d5 e6 4. Nc3 exd5 5. cxd5 d6 6. e4 g6 7. f4 Bg7 8. Bb5+
Nfd7 9. Be2 O-O 10. Nf3 Na6 11. O-O Nc7 12. Kh1 f5 13. e5 dxe5 14. d6 Ne6 15.
Bc4 Nb6 16. Bxe6+ Bxe6 17. fxe5 h6 18. Be3 Rc8 19. Bg1 g5 20. Re1 g4 21. Nd2
Qh4 22. Nf1 f4 23. Re4 Qg5 24. Qd2 Nc4 25. Rxc4 Bxc4 26. Nd5 Rce8 27. Ne7+ Rxe7
28. dxe7 Qxe7 29. Rc1 Bxf1 30. Bxc5 Qd8 31. Qxd8 Rxd8 32. Rxf1 Bxe5 33. Bxa7
Ra8 34. Bc5 Rxa2 35. b4 Kg7 36. Kg1 Kg6 37. Rd1 Ra1 38. Rxa1 Bxa1 39. Kf2 Kf5
40. h3 h5 41. hxg4+ hxg4 42. Ke2 Ke4 43. Be7 b5 44. Bc5 Be5 45. Bf2 Bd6 46. Be1
f3+ 47. gxf3+ gxf3+ 48. Kf2 Be5 49. Kf1 Bd4 50. Bh4 Kd3 51. Be7 Kc4 52. Bd6 Bc3
53. Kf2 Bxb4 54. Bf4 Kd3 55. Kxf3 Bc5 56. Be5 b4 57. Bf6 b3 58. Bb2 Kc2 0-1

[Event "Copenhagen ch"]
[Site "Copenhagen"]
[Date "1999.02.02"]
[Round "6"]
[White "Hoi, Carsten"]
[Black "Larsen, Karsten"]
[Result "1-0"]
[WhiteElo "2369"]
[BlackElo "2253"]
[PlyCount "49"]
[EventDate "1999.01.22"]
[EventCountry "DEN"]

1. c4 Nf6 2. Nc3 g6 3. d4 Bg7 4. e4 d6 5. f3 O-O 6. Be3 e5 7. Nge2 c6 8. Qd2
exd4 9. Nxd4 Re8 10. O-O-O d5 11. exd5 cxd5 12. Bh6 Bh8 13. Bg5 dxc4 14. Bxc4
Qc7 15. Bb3 Bd7 16. Kb1 Na6 17. Ndb5 Bf5+ 18. Ka1 Qa5 19. Nd6 Re6 20. Nxf5 Qxf5
21. Bxe6 Qxe6 22. Rhe1 Qf5 23. g4 Qxf3 24. Rf1 Qc6 25. Qf4 1-0

[Event "Copenhagen ch"]
[Site "Copenhagen"]
[Date "1999.01.31"]
[Round "6"]
[White "Sorensen, Torben N"]
[Black "Jakobsen, Ole"]
[Result "1/2-1/2"]
[WhiteElo "2298"]
[BlackElo "2406"]
[PlyCount "61"]
[EventDate "1999.01.22"]
[EventCountry "DEN"]

1. Nf3 g6 2. e4 Bg7 3. d4 d6 4. Bc4 c6 5. Bb3 Nf6 6. Qe2 O-O 7. O-O a5 8. a4
Na6 9. Nbd2 Nc7 10. c3 b5 11. axb5 cxb5 12. Re1 Bb7 13. e5 Nfd5 14. Ne4 Qd7 15.
Bd2 a4 16. Bc2 Qc6 17. Bd3 f5 18. exf6 exf6 19. Qf1 Rfe8 20. h4 f5 21. Ng3 Nf6
22. h5 Ne4 23. Bf4 Qd7 24. hxg6 hxg6 25. Ng5 Nxg5 26. Bxg5 Bc6 27. Bd2 Nd5 28.
Ne2 Rab8 29. Nf4 Nxf4 30. Bxf4 Be4 31. f3 1/2-1/2

[Event "Copenhagen ch"]
[Site "Copenhagen"]
[Date "1999.02.12"]
[Round "7"]
[White "Hartvig, Ove Weiss"]
[Black "Hoi, Carsten"]
[Result "1/2-1/2"]
[WhiteElo "2312"]
[BlackElo "2369"]
[PlyCount "58"]
[EventDate "1999.01.22"]
[EventCountry "DEN"]

1. e4 g6 2. Nc3 Bg7 3. f4 d6 4. Nf3 Nf6 5. g3 O-O 6. Bg2 Nc6 {=} 7. O-O e5 8.
f5 gxf5 9. exf5 e4 10. Ng5 d5 11. d4 exd3 12. Qxd3 Ne5 13. Qd4 Re8 14. Nxd5 h6
15. Nh3 c6 16. Nxf6+ Qxf6 17. Qf4 b6 18. Bd2 Ba6 19. Rfe1 Rad8 20. Bc3 Bc8 21.
Rf1 Ba6 22. Rf2 Qd6 23. f6 Bf8 24. Re1 Ng6 25. Qxd6 Bxd6 26. Rxe8+ Rxe8 27. Bf1
Bc8 28. Rd2 Bc5+ 29. Kg2 Be6 1/2-1/2

[Event "Copenhagen ch"]
[Site "Copenhagen"]
[Date "1999.02.12"]
[Round "7"]
[White "Larsen, Karsten"]
[Black "Olsen, Heini"]
[Result "1/2-1/2"]
[WhiteElo "2253"]
[BlackElo "2270"]
[PlyCount "139"]
[EventDate "1999.01.22"]
[EventCountry "DEN"]

1. e4 e5 2. Nf3 Nc6 3. Bb5 a6 4. Ba4 Nf6 5. O-O Be7 6. Bxc6 dxc6 7. Qe1 Be6 8.
b3 Nd7 9. Bb2 Bd6 10. d3 O-O 11. Nbd2 f6 12. Nh4 Qe8 13. Qe2 Qf7 14. Nc4 Bxc4
15. dxc4 Rfe8 16. Rad1 Nf8 17. Nf5 Rad8 18. Rd3 Ne6 19. Rfd1 Bc5 20. g3 Qf8 {=}
21. Qg4 Kh8 22. Rd7 Rxd7 23. Rxd7 Rd8 24. Qd1 Bd6 25. Rxd8 Qxd8 26. Kg2 g6 27.
Ne3 Kg7 28. Qg4 Kf7 29. Qd1 Bc5 30. Qxd8 Nxd8 31. Kf3 Ne6 {=} 32. Ke2 Ng5 33.
f3 Ne6 34. Kd3 h5 35. Bc3 Ke7 36. Bb2 Kd6 37. c3 Ng5 38. Ke2 Ne6 39. Bc1 Kd7
40. Bd2 Kd6 41. Ng2 Kd7 42. Ne1 Bd6 43. Nd3 Nc5 44. Be3 Nxd3 45. Kxd3 Ke6 46.
h3 Be7 47. a4 Kd7 48. b4 Ke6 49. g4 h4 50. f4 g5 51. fxg5 fxg5 52. Kc2 Kd7 53.
Kb3 Kc8 54. Bc1 Kd7 55. Ba3 Kc8 56. Bc1 Kb8 57. Be3 Kc8 58. c5 Kb8 59. Kc4 Ka7
60. Kb3 Kb8 61. Kc4 Ka7 62. b5 Bf6 63. Bc1 Bd8 64. Ba3 Kb8 65. Bb4 Kc8 66. Ba3
Kb8 67. b6 Kc8 68. Bb4 Kd7 69. Ba5 Kc8 70. bxc7 1/2-1/2

[Event "Copenhagen ch"]
[Site "Copenhagen"]
[Date "1999.02.12"]
[Round "7"]
[White "Nilssen, John Arni"]
[Black "Clausen, Steen"]
[Result "1-0"]
[WhiteElo "2325"]
[BlackElo "2238"]
[PlyCount "87"]
[EventDate "1999.01.22"]
[EventCountry "DEN"]

1. d4 Nf6 2. c4 e6 3. Nc3 Bb4 4. e3 O-O 5. Bd3 d5 6. Nge2 c5 7. cxd5 cxd4 8.
exd4 Nxd5 9. O-O Nc6 10. Bc2 b6 11. Qd3 g6 12. a3 Be7 13. Bh6 Re8 14. Rad1 Bb7
15. Rfe1 Nxc3 16. Nxc3 Bf6 17. d5 Ne5 18. Qh3 exd5 19. Ba4 Re7 20. Ne4 dxe4 21.
Rxd8+ Rxd8 22. Qg3 Nd3 23. Bg5 Be5 24. Qh4 Nxe1 25. Bxe7 Rd4 26. Qh6 Bg7 27.
Qf4 h6 28. Qb8+ Kh7 29. Qxb7 Rxa4 30. Bb4 Nd3 31. b3 Rxb4 32. axb4 f5 33. Qxa7
Nxb4 34. Qxb6 Nd5 35. Qd6 Nc3 36. Kf1 g5 37. g3 Nb5 38. Qd5 Nd4 39. b4 Kg6 40.
h3 Bf6 41. b5 Nc2 42. Qg8+ Bg7 43. Qe8+ Kh7 44. b6 1-0